00853nam a22002177a 4500003000500000005001700005008004100022010001000063011001000073035001000083040000900093100002900102245025800131260003800389300002000427502010200447650001500549650002300564650002300587650002500610CHAP20220329141050.0971013s1995 r 00010 d a62108 a63080 a67256 cCHAP00aVázquez Chan, Adriano. aPruebas de respuesta de línas androfértiles en genotipos androésteriles con diferentes tipos de citoplasmas y estimación de heterosis en caracteres de la planta de sorgo ( Sorghum bicolor (L.) Moench) en Marín, N. L. otoño - invierno 1994-95 aMarín, N. L. :bEl autor,c1995 a130 h.b: ilus. aTesis (Ing. Agr. Fitotecnista) -- Universidad Autónoma de Nuevo León. Facultad de Agronomía14aHeterosis.14aSorgoxGenética.14aSorgoxHíbridos.14aSorgoxNuevo León.